| 000 | 00993nam a22002657a 4500 | ||
|---|---|---|---|
| 005 | 20140930103820.0 | ||
| 008 | 140930t2014 xxka frb 001 0 eng d | ||
| 020 | _a9781292040868 | ||
| 040 | _aEG-ScBUE | ||
| 082 | 0 | 0 |
_222 _a610.7343 _bCLA |
| 100 | 1 |
_aClark, Mary Jo Dummer _936123 |
|
| 245 | 1 | 0 |
_aCommunity health nursing : _badvocacy for population health / _cMary Jo Clark. |
| 250 |
_a5th ed., _bPearson new international ed. |
||
| 260 |
_aHarlow, United Kingdom : _bPearson Education Limited, _cc.2014. |
||
| 300 |
_aiv, 1050 p. : _bill. (col.) ; _c28 cm. |
||
| 500 | _aIncludes appendixes. | ||
| 500 | _aIndex : p. 1045-1049. | ||
| 500 | _aIncludes student access code inside : required for access to online course materials ; ISBN 9781292050751. | ||
| 504 | _aIncludes bibliographical references. | ||
| 650 | 0 |
_94083 _aCommunity health nursing |
|
| 650 | 2 | 2 |
_94471 _aNursing Process |
| 653 |
_bNNUR _cSeptember2014 |
||
| 655 |
_vreading book _934232 |
||
| 942 |
_2ddc _k610.7343 CLA |
||
| 999 |
_c18422 _d18394 |
||